Wolfgang Paalen (Record no. 1424)

MARC details
000 -CABECERA
campo de control de longitud fija 00672nam a2200169 a 4500
001 - NÚMERO DE CONTROL
campo de control BRCA_1615
005 - FECHA Y HORA DE LA ÚLTIMA TRANSACCIÓN
campo de control 20190320203459.0
008 - DATOS DE LONGITUD FIJA--INFORMACIÓN GENERAL
campo de control de longitud fija 090408s2007----us-a---###---#000-0#eng-#
050 #4 - SIGNATURA TOPOGRÁFICA DE LA BIBLIOTECA DEL CONGRESO
Número de clasificación ND259.P3
Número de documento/Ítem .W65 2007
245 10 - MENCIÓN DE TÍTULO
Título Wolfgang Paalen
Resto del título Implicit Spaces.
260 ## - PUBLICACIÓN, DISTRIBUCIÓN, ETC.
Lugar de publicación, distribución, etc. San Francisco, California
Nombre del editor, distribuidor, etc. Frey Norris Gallery Annex
Fecha de publicación, distribución, etc. 2007
300 ## - DESCRIPCIÓN FÍSICA
Extensión 43 p.
Otras características físicas il. a color
Dimensiones 28 cm.
500 ## - NOTA GENERAL
Nota general Catálogo de la exposición realizada en la Frey Norris Gallery Annex (San Francisco, California), 17 mayo - 12 julio, 2007
600 14 - PUNTO DE ACCESO ADICIONAL DE MATERIA--NOMBRE DE PERSONA
Nombre de persona Paalen, Wolfgang
Fechas asociadas al nombre 1905-1959
Subdivisión de forma Exposiciones - Catálogos
9 (RLIN) 5070
650 14 - PUNTO DE ACCESO ADICIONAL DE MATERIA--TÉRMINO DE MATERIA
Término de materia o nombre geográfico como elemento de entrada Pintura surrealista
Subdivisión cronológica Siglo XX
Subdivisión geográfica Austria - México
9 (RLIN) 5071
942 ## - ELEMENTOS DE PUNTO DE ACCESO ADICIONAL (KOHA)
Fuente del sistema de clasificación o colocación Library of Congress Classification
Tipo de ítem Koha Libros
Holdings
Estado de retiro Estado de pérdida Estado dañado No para préstamo Localización permanente Ubicación/localización actual Fecha de adquisición Total de préstamos Signatura topográfica completa Código de barras Fecha visto por última vez Precio válido a partir de Tipo de ítem Koha
El ejemplar forma parte de la colección y puede ser consultado según las políticas vigentes.       Biblioteca del Museo Franz Mayer (Rogerio Casas-Alatriste) Biblioteca del Museo Franz Mayer (Rogerio Casas-Alatriste) 26/06/2008   ND259.P3 .W65 2007 02169 22/03/2019 22/03/2019 Libros